000
00316nam a22001337a 4500
008
240318b ||||| |||| 00| 0 eng d
041
_a
eng
080
_2
1967 VOLUME IV
_a
621
082
_a
621WHE
100
_a
19
101
_a
IE
245
_a
HISTORY ON THE INDUCTIVE SCIENCES
_c
WILLIAM WHEWELL
942
_2
udc
_c
BK
999
_c
60598
_d
60598